000 00680nam a22002057a 4500
008 130821s1991 mx gr spa
020 _a9682433096
040 _aCo-BoUCM
_bspa
041 0 0 _aspa
060 _aWA 950
_bC352e 1 ed.
_21991
100 _aCastilla Serna, Luis
_9170385
245 0 0 _aEstadística simplificada
_bPara la investigación en ciencias de la salud
_cLuis Castilla Serna
250 _a1 ed
260 _aMéxico D.F. (México)
_bTrillas
_c1991
300 _a438 páginas
650 0 4 _aEstadística médica
_914995
650 0 4 _aInvestigación médica
_918000
700 _aCravioto, Joaquín
_9170386
942 _cLIBRO
_a15
_e1
_mC352E
_2NLM
_hWA 950
_n0
999 _c80283
_d80283